| 000 | 00449nam a2200169Ia 4500 | ||
|---|---|---|---|
| 008 | 230718s9999 xx 000 0 und d | ||
| 020 | _a9788122407310 | ||
| 041 | _aeng | ||
| 082 |
_a629.8 _bCHI |
||
| 100 | _aChidambaram M. | ||
| 245 | _aNon-Linear Process Control | ||
| 260 |
_c2009 _bNew Age International |
||
| 300 | _a140 | ||
| 365 |
_cRs. _b275.00 |
||
| 700 | _aChidambaram M. | ||
| 906 |
_dO:0199126-Aug-2011B:885608-Aug-2011 _cETC _b137.5 |
||
| 999 |
_c328462 _d328462 |
||